The architect's studio companion : (Record no. 2380)

MARC details
000 -LEADER
fixed length control field 01554cam a2200385 a 4500
001 - CONTROL NUMBER
control field 14429720
003 - CONTROL NUMBER IDENTIFIER
control field OSt
005 - DATE AND TIME OF LATEST TRANSACTION
control field 20221101094926.0
008 - FIXED-LENGTH DATA ELEMENTS--GENERAL INFORMATION
fixed length control field 060627t2007 njua f bf 001 0 eng d
020 ## - INTERNATIONAL STANDARD BOOK NUMBER
International Standard Book Number 9780471736226
020 ## - INTERNATIONAL STANDARD BOOK NUMBER
International Standard Book Number 0471736228
035 ## - SYSTEM CONTROL NUMBER
System control number (OCoLC)ocm70232379
035 ## - SYSTEM CONTROL NUMBER
System control number (OCoLC)70232379
Canceled/invalid control number (OCoLC)71164260
040 ## - CATALOGING SOURCE
Original cataloging agency DLC
Language of cataloging eng
Description conventions rda
Transcribing agency DLC
Modifying agency BAKER
-- UKM
-- C#P
-- BTCTA
-- YDXCP
-- VP@
-- E3Q
-- DLC
-- EG-ScBUE
082 04 - DEWEY DECIMAL CLASSIFICATION NUMBER
Classification number 721
Edition number 22
Item number ALL
100 1# - MAIN ENTRY--PERSONAL NAME
Personal name Allen, Edward,
Dates associated with a name 1938-
Relator term author.
9 (RLIN) 17019
245 14 - TITLE STATEMENT
Title The architect's studio companion :
Remainder of title rules of thumb for preliminary design /
Statement of responsibility, etc Edward Allen and Joseph Iano.
250 ## - EDITION STATEMENT
Edition statement Fourth edition.
264 #1 - PUBLICATION, DISTRIBUTION, ETC. (IMPRINT)
Place of publication, distribution, etc Hoboken, N.J. :
Name of publisher, distributor, etc John Wiley & Sons, Inc.,
Date of publication, distribution, etc [2007]
264 #4 - PUBLICATION, DISTRIBUTION, ETC. (IMPRINT)
Date of publication, distribution, etc c2007
300 ## - PHYSICAL DESCRIPTION
Extent ix, 468 pages :
Other physical details illustrations ;
Dimensions 29 cm
336 ## - CONTENT TYPE
Source rdacontent
Content type term text
Content type code txt
337 ## - MEDIA TYPE
Source rdamedia
Media type term unmediated
Media type code n
338 ## - CARRIER TYPE
Source rdacarrier
Carrier type term volume
Carrier type code nc
504 ## - BIBLIOGRAPHY, ETC. NOTE
Bibliography, etc Includes bibliographical references and index.
650 #7 - SUBJECT ADDED ENTRY--TOPICAL TERM
Topical term or geographic name as entry element Architectural design
Form subdivision Handbooks, manuals, etc.
Source of heading or term BUEsh
9 (RLIN) 11572
653 ## - INDEX TERM--UNCONTROLLED
Resource For college Engineering, Architecture
655 ## - INDEX TERM--GENRE/FORM
Form subdivision Reading book
700 1# - ADDED ENTRY--PERSONAL NAME
Personal name Iano, Joseph,
Relator term author.
9 (RLIN) 17021
856 42 - ELECTRONIC LOCATION AND ACCESS
Materials specified Contributor biographical information
Uniform Resource Identifier <a href="http://www.loc.gov/catdir/enhancements/fy0829/2006045074-b.html">http://www.loc.gov/catdir/enhancements/fy0829/2006045074-b.html</a>
856 42 - ELECTRONIC LOCATION AND ACCESS
Materials specified Publisher description
Uniform Resource Identifier <a href="http://www.loc.gov/catdir/enhancements/fy0829/2006045074-d.html">http://www.loc.gov/catdir/enhancements/fy0829/2006045074-d.html</a>
856 41 - ELECTRONIC LOCATION AND ACCESS
Materials specified Table of contents only
Uniform Resource Identifier <a href="http://www.loc.gov/catdir/enhancements/fy0829/2006045074-t.html">http://www.loc.gov/catdir/enhancements/fy0829/2006045074-t.html</a>
942 ## - ADDED ENTRY ELEMENTS (KOHA)
Source of classification or shelving scheme Dewey Decimal Classification
Koha item type Book - Borrowing
Holdings
Withdrawn status Lost status Source of classification or shelving scheme Damaged status Not for loan Collection code Home library Current library Shelving location Date acquired Source of acquisition Cost, normal purchase price Serial Enumeration / chronology Total Checkouts Full call number Barcode Date last seen Price effective from Koha item type
    Dewey Decimal Classification       Central Library Central Library Second Floor 03/08/2010   510.00 89830   721 ALL 000021627 15/07/2025 03/08/2010 Book - Borrowing